000 00408nam a22001577a 4500
005 20231208112158.0
008 231208b |||||||| |||| 00| 0 eng d
020 _a978-969-667-028-5
082 _a385.095
_bSAE
100 _aSaeed, Javed Muhammad
245 _aRail ki Jadu Nagri
260 _aLahore
_bBook Home
_c2021
300 _a551
650 _aTransportation/Rail road Transportation
999 _c34863
_d34863